000 01067nam a22002175i 4500
001 163614
003 ES-MaACL
005 20250901032930.0
008 960722s1831 sp |||| | spa d
080 _a616.932(540)
100 1 _aRobert, Louis Joseph Marie,
_d1771-1846
_9131881
245 1 0 _aCarta histórico-médica sobre el cólera morbo de la India importado a Moscou :
_by sobre su analogía con el horrible contagio, conocido con el nombre de peste negra, que, salida de la China a mediados del siglo catorce, vino a devastar la Europa por el dilatado tiempo de 17 años /
_cpor J.M. Robert.
250 _a2ª ed., rev. y aum.
_btraducida al español y publicada... por Juan Francisco de Bahi.
260 _aBarcelona :
_b[s.n.],
_c1831 (
_fImp. de la Viuda e Hijos de Antonio Brusi)
300 _a[8], 32 p. ;
_c21 cm.
650 7 _aCólera
_2embne
_911143
650 4 _aPeste.
_9136693
700 1 _aBahi, Juan Francisco.
_9125775
852 4 _aES-MaACL
_jT-131-F-6
_z- Enc. hol.
_z- Enc. en un vol. facticio
999 _c163614
_d163614